Quiz o Mistrzostwach Europy - Statystyki

Ogólne statystyki
  • Ten quiz został rozwiązany 156 razy
  • Średni wynik to 9 z 15
Statystyki odpowiedzi
Opis Odpowiedź % Poprawnych
Reprezentacja, która wygrała Mistrzostwa Europy w 2004 roku. Grecja
90%
Piłkarz, który zdobył decydującą bramkę w finale Mistrzostw Europy w 2016 roku. Eder
87%
Gospodarz Euro 2004. Portugalia
85%
Reprezentacja, która wygrała Mistrzostwa Europy w 2000 roku. Francja
84%
Strzelec jedynego gola w Finale Euro 2008. Torres
73%
Reprezentacja, która sensacyjnie wygrała Euro 1992 Dania
70%
Selekcjoner, który doprowadził reprezentacje Hiszpanii do zwycięstwa w Mistrzostwach Europy w 2012 roku. Del Bosque
61%
Król strzelców Mistrzostw Europy w 2008 roku. Villa
57%
Zdobywca "złotego gola" w finale Euro w 2000 roku. Trezeguet
56%
Najlepszy zawodnik Mistrzostw Europy w 1984 roku. 3-krotny zwycięzca Złotej Piłki. Platini
50%
Wicemistrz Euro 1996. Czechy
44%
Strzelec pierwszego gola w finale Mistrzostw Europy w 1988 roku. Holender. Gullit
40%
Pierwszy zwycięzca Mistrzostw Europy (ta reprezentacja obecnie nie istnieje) Związek Radziecki
38%
Zdobywca dwóch decydujących bramek w Finale Mistrzostw Europy w 1996 roku. Niemiec. Bierhoff
27%
Bramkarz, który zachował najwięcej czystych kąt na Euro 2000. W tamtym czasie bramkarz Juventusu. van der Sar
19%
Nie znaleziono quizów pasujących do podanych kryteriów
Rozkład punktacji
Procent ludzi z każdym wynikiem
Percentyl według liczby udzielonych odpowiedzi
Twoja historia wyników
Nie rozwiązałeś tego quizu